Croatia Between Aggression and Peace (Record no. 224814)
[ view plain ]
| 000 -LEADER | |
|---|---|
| fixed length control field | 00725nam a22002537a 4500 |
| 005 - DATE AND TIME OF LATEST TRANSACTION | |
| control field | 20221011150003.0 |
| 008 - FIXED-LENGTH DATA ELEMENTS--GENERAL INFORMATION | |
| fixed length control field | 221011b ||||| |||| 00| 0 eng d |
| 020 ## - INTERNATIONAL STANDARD BOOK NUMBER | |
| International Standard Book Number | 9531740194 |
| 040 ## - CATALOGING SOURCE | |
| Transcribing agency | AL |
| 041 ## - LANGUAGE CODE | |
| Language code of text/sound track or separate title | English |
| 082 ## - DEWEY DECIMAL CLASSIFICATION NUMBER | |
| Edition number | 23 |
| Classification number | 949.7103 |
| Item number | BALC |
| 100 ## - MAIN ENTRY--PERSONAL NAME | |
| Personal name | Zvonimir Baletic and others |
| 100 ## - MAIN ENTRY--PERSONAL NAME | |
| 9 (RLIN) | 59418 |
| 245 ## - TITLE STATEMENT | |
| Title | Croatia Between Aggression and Peace |
| 260 ## - PUBLICATION, DISTRIBUTION, ETC. | |
| Place of publication, distribution, etc. | Zagreb |
| Name of publisher, distributor, etc. | AGM |
| Date of publication, distribution, etc. | 1994 |
| 300 ## - PHYSICAL DESCRIPTION | |
| Extent | 80 p. |
| Other physical details | PB |
| Dimensions | 20.5x13.5 cm. |
| 650 ## - SUBJECT ADDED ENTRY--TOPICAL TERM | |
| Topical term or geographic name entry element | Croatia |
| 9 (RLIN) | 59419 |
| 650 ## - SUBJECT ADDED ENTRY--TOPICAL TERM | |
| Topical term or geographic name entry element | War--Causes |
| 9 (RLIN) | 59420 |
| 650 ## - SUBJECT ADDED ENTRY--TOPICAL TERM | |
| Topical term or geographic name entry element | Yugoslavia |
| 9 (RLIN) | 59421 |
| 650 ## - SUBJECT ADDED ENTRY--TOPICAL TERM | |
| Topical term or geographic name entry element | United Nations Protection Force |
| 9 (RLIN) | 59422 |
| 700 ## - ADDED ENTRY--PERSONAL NAME | |
| Personal name | BALETIC (Zvonimir) |
| 9 (RLIN) | 59423 |
| 700 ## - ADDED ENTRY--PERSONAL NAME | |
| Personal name | NIKIC (Gorazd) Ed |
| 9 (RLIN) | 59424 |
| 700 ## - ADDED ENTRY--PERSONAL NAME | |
| Personal name | YUILL (W E) Tr |
| 9 (RLIN) | 59425 |
| 942 ## - ADDED ENTRY ELEMENTS (KOHA) | |
| Source of classification or shelving scheme | Dewey Decimal Classification |
| Koha item type | George Fernandes Collections |
| Withdrawn status | Lost status | Source of classification or shelving scheme | Damaged status | Not for loan | Collection code | Home library | Current library | Date acquired | Total Checkouts | Full call number | Barcode | Date last seen | Price effective from | Koha item type |
|---|---|---|---|---|---|---|---|---|---|---|---|---|---|---|
| Dewey Decimal Classification | History | St Aloysius Library | St Aloysius Library | 03/23/2013 | 949.7103 BALC | GF03685 | 10/11/2022 | 10/11/2022 | George Fernandes Collections |